Ensayos. Revista de economa̕

Detalles Bibliográficos
Formato: eBook
Lenguaje:español
Publicado: Nuevo Len̤: Universidad Autn̤oma de Nuevo Len̤, 2010 -
Materias:
Acceso en línea:Acceso restringido

MARC

LEADER 00000nam a22000007a 4500
005 20120807140210.0
007 cr|||| ||||
008 120807s20109999mx |||| s|||| 0|||b1spa d
022 |a 1870-221X  
035 |a 6591 
040 |a vLex 
090 |c 3345  |d 3345 
245 0 0 |a Ensayos. Revista de economa̕  |h [Recurso electrn̤ico] 
256 |a Servicio en ln̕ea 
260 |a Nuevo Len̤:  |b Universidad Autn̤oma de Nuevo Len̤,  |c 2010 - 
300 |a 1 recurso electrn̤ico 
310 |a Dos nm︢eros al aǫ 
362 |a Nm︢. 1 (2010) - 
506 1 |a Contenido solo disponible en los productos indicados  |d vLex Global   |d vLex Global (Academic Edition, excluding Law Schools)   |d vLex Global (U.S. Academic Edition, Law Schools)   |d vLex Global (U.S. Academic Edition, excluding Law Schools)   |d vLex Global (Academic Edition, Law Schools)  
650 0 4 |a Economa̕  |z Mx̌ico 
740 0 |a vLex Libros (Servicio en ln̕ea) 
856 4 0 |u http://vlex.com/source/ensayos-revista-economia-6591  |z Acceso restringido 
942 |c REV 
999 0 |a Economics